[Event "OPEN B - XVII MIEDZYNARODOWY FESTIWAL S"]
[Site "GOLD CHESS Open  - Rewal"]
[Date "2012.??.??"]
[Round "7.28"]
[White "Lopuszanski, Kamil"]
[Black "Murawko, Julia"]
[Result "1-0"]
[WhiteElo "1840"]
[BlackElo "1607"]
[PlyCount "143"]
[EventDate "2012.??.??"]

1. e4 c5 2. Nf3 e6 3. d3 d6 4. g3 Nc6 5. Bg2 Nf6 6. O-O Be7 7. Nbd2 a6 8. Nc4
O-O 9. e5 dxe5 10. Nfxe5 Nxe5 11. Nxe5 Bd6 12. Nc4 Bc7 13. Be3 Qe7 14. f4 Rb8
15. a4 Nd5 16. Bf2 b5 17. axb5 axb5 18. Na5 Bxa5 19. Rxa5 Qc7 20. Ra2 Bb7 21.
Qe2 Nb4 22. Ra3 Bxg2 23. Kxg2 Ra8 24. Rfa1 Qc6+ 25. Kg1 Rxa3 26. Rxa3 Rc8 27.
Rc3 Qd6 28. Qe3 Na6 29. Qe4 Qd5 30. Kf1 f5 31. Qe3 Kf7 32. Ke2 Qd6 33. Qf3 Qd5
34. Qe3 Qd6 35. Ra3 Rc6 36. Ra5 b4 37. Qf3 g6 38. b3 Qd5 39. Qe3 Qh1 40. h4 Qb1
41. Kd2 Qh1 42. Rb5 Qd5 43. Rb7+ Kg8 44. Qe5 Qxe5 45. fxe5 Nc7 46. Ke3 h6 47.
Kf4 Nd5+ 48. Kf3 Nc7 49. Be3 Kg7 50. Kg2 Kh7 51. Kf1 Kg7 52. Ke1 h5 53. Kd1 Kg8
54. Bc1 Kf8 55. Bh6+ Kg8 56. Bg5 Kf8 57. Kd2 Nd5 58. Rb8+ Kg7 59. Rb7+ Kg8 60.
Be3 Nc7 61. Bf2 Kf8 62. Ke3 Nd5+ 63. Kf3 Nc7 64. Kf4 Kg8 65. Kg5 Kg7 66. d4
cxd4 67. Bxd4 Kf8 68. Kf6 Nd5+ 69. Kxg6 Rxc2 70. Kxh5 Rg2 71. Bc5+ Kg8 72. Kh6
1-0

[Event "OPEN B - XVII MIEDZYNARODOWY FESTIWAL S"]
[Site "GOLD CHESS Open  - Rewal"]
[Date "2012.??.??"]
[Round "7.29"]
[White "Sowa, Martyna"]
[Black "Sikorski, Tomasz"]
[Result "1/2-1/2"]
[WhiteElo "1765"]
[BlackElo "1735"]
[PlyCount "52"]
[EventDate "2012.??.??"]

1. c4 e6 2. g3 Nf6 3. Bg2 d5 4. cxd5 exd5 5. d4 Be6 6. Nc3 b6 7. Bg5 Be7 8. Qb3
Nc6 9. e3 O-O 10. Nge2 h6 11. Bxf6 Bxf6 12. Nf4 Na5 13. Qc2 c6 14. b3 Qd7 15.
O-O Bf5 16. Qd2 Rac8 17. Rac1 Rfd8 18. Rfe1 Qd6 19. Bh3 Bxh3 20. Nxh3 Qb4 21.
Nf4 Rd7 22. Qd3 Rcd8 23. Qc2 Qf8 24. Nh5 Bg5 25. h4 Be7 26. Nf4 g6 1/2-1/2

[Event "OPEN B - XVII MIEDZYNARODOWY FESTIWAL S"]
[Site "GOLD CHESS Open  - Rewal"]
[Date "2012.??.??"]
[Round "7.30"]
[White "Kasianczuk, Krzysztof"]
[Black "Janke, Georg"]
[Result "1-0"]
[WhiteElo "1590"]
[BlackElo "1794"]
[PlyCount "73"]
[EventDate "2012.??.??"]

1. e4 e6 2. d4 d5 3. Nc3 Bb4 4. e5 c5 5. a3 Bxc3+ 6. bxc3 Nc6 7. Qg4 Nge7 8.
Nf3 cxd4 9. cxd4 Nf5 10. Bd3 g6 11. O-O h5 12. Qf4 Qb6 13. Bxf5 gxf5 14. c3 Bd7
15. Qg5 Ne7 16. Qf6 Rf8 17. Bg5 Ng8 18. Qg7 Qc7 19. Rfc1 Bb5 20. a4 Bd3 21. Bh4
Rc8 22. Ng5 f4 23. Nh7 Bxh7 24. Qxh7 Qa5 25. Qxh5 Rxc3 26. Qg5 Kd7 27. Qxf4 Ne7
28. Bxe7 Kxe7 29. h4 Rfc8 30. h5 Rxc1+ 31. Rxc1 Rxc1+ 32. Qxc1 Kf8 33. h6 Qd8
34. Qf4 Kg8 35. Qg4+ Kf8 36. Qg7+ Ke7 37. Qf6+ 1-0

[Event "OPEN B - XVII MIEDZYNARODOWY FESTIWAL S"]
[Site "GOLD CHESS Open  - Rewal"]
[Date "2012.??.??"]
[Round "7.31"]
[White "Warchol, Maria"]
[Black "Krzysztofiak, Zdzislaw"]
[Result "1-0"]
[WhiteElo "1841"]
[BlackElo "1671"]
[PlyCount "89"]
[EventDate "2012.??.??"]

1. e4 e5 2. Nf3 Nc6 3. Bc4 Bc5 4. c3 Nf6 5. d4 exd4 6. cxd4 Bb4+ 7. Bd2 Be7 8.
d5 Nb8 9. e5 Ne4 10. Be3 d6 11. Qd4 f5 12. Nc3 dxe5 13. Qxe5 Nd6 14. Bb5+ Kf7
15. Qg3 Rf8 16. Bd4 Bf6 17. O-O Nd7 18. Bd3 Nb6 19. Rfe1 Bxd4 20. Nxd4 Re8 21.
Rxe8 Qxe8 22. Qh4 Qe5 23. Nf3 Qf6 24. Qxh7 Nbc4 25. Qh4 g6 26. Qh7+ Qg7 27.
Qxg7+ Kxg7 28. Bxc4 Nxc4 29. b3 Nd6 30. Nd4 Bd7 31. f3 Re8 32. Rc1 Re7 33. Kf2
a6 34. Nce2 Bc8 35. Nf4 Kf6 36. h4 Rh7 37. g3 Nb5 38. Nxb5 axb5 39. Rc5 g5 40.
hxg5+ Kxg5 41. Kg2 c6 42. dxc6 Rc7 43. cxb7 Rxb7 44. Rxc8 Ra7 45. Rc2 1-0

[Event "OPEN B - XVII MIEDZYNARODOWY FESTIWAL S"]
[Site "GOLD CHESS Open  - Rewal"]
[Date "2012.??.??"]
[Round "7.32"]
[White "Hagner, Pawel"]
[Black "Woloch, Oskar"]
[Result "1/2-1/2"]
[WhiteElo "1823"]
[BlackElo "1564"]
[PlyCount "94"]
[EventDate "2012.??.??"]

1. d4 c5 2. d5 e5 3. e4 d6 4. c4 g6 5. Nc3 Bg7 6. Nf3 Ne7 7. Bd3 O-O 8. O-O f5
9. exf5 Nxf5 10. Qc2 Na6 11. a3 Nc7 12. Ne4 Ne8 13. b4 b6 14. Rb1 Nf6 15. bxc5
bxc5 16. Bg5 Qc7 17. Bxf6 Bxf6 18. Rb3 Bd7 19. Rb2 Be7 20. Rfb1 Rfb8 21. h3 a5
22. g4 Ng7 23. Qc3 Bd8 24. Qd2 Ne8 25. Qh6 Rxb2 26. Rxb2 Nf6 27. Neg5 Bc8 28.
Ne6 Bxe6 29. dxe6 e4 30. g5 exd3 31. gxf6 Bxf6 32. Rd2 Re8 33. Qe3 Qc8 34. Qxd3
Rxe6 35. Qd5 Kg7 36. Kg2 h5 37. Rd3 a4 38. Rd1 Be7 39. Rb1 Rf6 40. Nd2 Rf5 41.
Qe4 Re5 42. Qf3 Qe6 43. Rb7 Rg5+ 44. Kf1 Re5 45. Kg2 Rg5+ 46. Kf1 Re5 47. Kg2
Rg5+ 1/2-1/2

[Event "OPEN B - XVII MIEDZYNARODOWY FESTIWAL S"]
[Site "GOLD CHESS Open  - Rewal"]
[Date "2012.??.??"]
[Round "7.33"]
[White "Drabek, Jan"]
[Black "Chylewski, Patryk"]
[Result "1/2-1/2"]
[WhiteElo "1698"]
[BlackElo "1562"]
[PlyCount "75"]
[EventDate "2012.??.??"]

1. e4 c5 2. Nf3 e6 3. d4 cxd4 4. Nxd4 Nf6 5. Bd3 d6 6. O-O Be7 7. Nc3 O-O 8.
Be3 a6 9. Kh1 b5 10. a3 Bb7 11. Qe2 Nbd7 12. f3 Qc7 13. Nb3 d5 14. exd5 Nxd5
15. Nxd5 Bxd5 16. Qf2 Bf6 17. Bd4 Bxd4 18. Nxd4 Ne5 19. Qg3 Rac8 20. Be2 Nc4
21. Qxc7 Rxc7 22. Bxc4 Bxc4 23. Rfd1 g6 24. b3 Bd5 25. Rd2 Rfc8 26. h3 e5 27.
Nxb5 axb5 28. Rxd5 Rxc2 29. Rxe5 b4 30. axb4 Rb2 31. Re3 Rcc2 32. Rg1 Rc8 33.
b5 Rc5 34. b6 Rb5 35. Rd1 Rxb6 36. Rdd3 Kg7 37. h4 Rb4 38. Re4 1/2-1/2

[Event "OPEN B - XVII MIEDZYNARODOWY FESTIWAL S"]
[Site "GOLD CHESS Open  - Rewal"]
[Date "2012.??.??"]
[Round "7.37"]
[White "Nun, Ryszard"]
[Black "Hadzicki, Tomasz"]
[Result "1/2-1/2"]
[WhiteElo "1652"]
[BlackElo "1858"]
[PlyCount "20"]
[EventDate "2012.??.??"]

1. Nf3 d5 2. d4 Nf6 3. c4 e6 4. Nc3 Be7 5. Bg5 Nbd7 6. e3 b6 7. cxd5 exd5 8.
Bd3 O-O 9. O-O h6 10. Bh4 Bb7 1/2-1/2

[Event "OPEN B - XVII MIEDZYNARODOWY FESTIWAL S"]
[Site "GOLD CHESS Open  - Rewal"]
[Date "2012.??.??"]
[Round "7.38"]
[White "Strek, Jaroslaw"]
[Black "Wodecki, Mikolaj"]
[Result "1-0"]
[WhiteElo "1493"]
[BlackElo "1300"]
[PlyCount "63"]
[EventDate "2012.??.??"]

1. d4 d5 2. c4 e6 3. Nf3 Nf6 4. Nc3 c6 5. a3 dxc4 6. e3 b5 7. Qc2 Bd6 8. Be2
O-O 9. O-O Ng4 10. h3 Nh6 11. e4 f5 12. Bxh6 gxh6 13. e5 Be7 14. b3 cxb3 15.
Qxb3 Bb7 16. Qxe6+ Kh8 17. Qxh6 Rg8 18. Qf4 Qf8 19. Bd3 Qg7 20. g3 Nd7 21. Rfe1
Rge8 22. Bc2 Nb6 23. Bb3 Nd5 24. Nxd5 cxd5 25. Rac1 Rac8 26. Qxf5 Rf8 27. Qd3
Qf7 28. Re3 Bg5 29. e6 Qf6 30. Rce1 Bxe3 31. Rxe3 Rce8 32. Qxb5 1-0

[Event "OPEN B - XVII MIEDZYNARODOWY FESTIWAL S"]
[Site "GOLD CHESS Open  - Rewal"]
[Date "2012.??.??"]
[Round "8.1"]
[White "Budzinski, Jan"]
[Black "Rak, Tomasz"]
[Result "0-1"]
[WhiteElo "1913"]
[BlackElo "2066"]
[PlyCount "112"]
[EventDate "2012.??.??"]

1. e4 c5 2. Nc3 g6 3. f4 Bg7 4. Nf3 Nc6 5. Bc4 d6 6. O-O e6 7. d3 Nge7 8. Qe1
Nd4 9. Nxd4 cxd4 10. Ne2 O-O 11. Qf2 d5 12. Bb3 b5 13. e5 a5 14. a4 bxa4 15.
Bxa4 Nf5 16. g4 Ne3 17. Bxe3 dxe3 18. Qxe3 f6 19. g5 fxe5 20. fxe5 Rf5 21. Rxf5
gxf5 22. h4 Rb8 23. d4 Rb4 24. h5 Ba6 25. Nc1 Rxb2 26. Bb3 Bc4 27. Ba4 Bf8 28.
Kh2 h6 29. Nd3 Bxd3 30. Qxd3 hxg5 31. Bb3 Bb4 32. Qe3 Kg7 33. Rg1 Kh6 34. Kg2
Qf8 35. Kf3 f4 36. Qd3 Qf5 37. Qxf5 exf5 38. e6 Bd6 39. Re1 g4+ 40. Kf2 Be7 41.
Ra1 Bh4+ 42. Ke2 a4 43. Bxa4 Rb4 44. Kd3 Bf6 45. c3 Rb2 46. Bd1 Kxh5 47. Ra7
Rb8 48. Ba4 f3 49. e7 Bxe7 50. Rxe7 Kg5 51. Bd7 Rb7 52. Rf7 Kg6 53. Re7 Kf6 54.
Rh7 g3 55. Rh1 g2 56. Rh2 f2 0-1

[Event "OPEN B - XVII MIEDZYNARODOWY FESTIWAL S"]
[Site "GOLD CHESS Open  - Rewal"]
[Date "2012.??.??"]
[Round "8.3"]
[White "Kaczmarek, Aleksander"]
[Black "Ziaja, Krystian"]
[Result "1-0"]
[WhiteElo "2097"]
[BlackElo "1822"]
[PlyCount "55"]
[EventDate "2012.??.??"]

1. e4 e6 2. d4 d5 3. e5 c5 4. dxc5 Bxc5 5. Qg4 g6 6. Bd3 Nc6 7. Nf3 Qc7 8. Qg3
Nge7 9. Bg5 Nf5 10. Bxf5 exf5 11. Bf6 Rg8 12. O-O Be6 13. Nc3 a6 14. Rad1 d4
15. Ne2 Bc4 16. Rfe1 Bb4 17. c3 Bxe2 18. Rxe2 dxc3 19. bxc3 Be7 20. Ng5 Rd8 21.
Rde1 Qa5 22. Nxh7 Qb5 23. h4 Qd3 24. Qg5 Bc5 25. e6 fxe6 26. Bd4 Nxd4 27. Nf6+
Kf7 28. cxd4 1-0

[Event "OPEN B - XVII MIEDZYNARODOWY FESTIWAL S"]
[Site "GOLD CHESS Open  - Rewal"]
[Date "2012.??.??"]
[Round "8.4"]
[White "Grochulski, Grzegorz"]
[Black "Malec, Sebastian"]
[Result "0-1"]
[WhiteElo "2095"]
[BlackElo "2093"]
[PlyCount "98"]
[EventDate "2012.??.??"]

1. e4 e6 2. d3 c5 3. Nf3 Nc6 4. Nbd2 d6 5. c3 Nge7 6. Qe2 Ng6 7. g3 Be7 8. Bg2
h5 9. h4 e5 10. Nc4 Bf6 11. Ne3 Nge7 12. Ng5 g6 13. Qf3 Ng8 14. Nd5 Bg4 15. Qe3
Bg7 16. O-O f6 17. f3 Bd7 18. Nh3 Nh6 19. Nf2 O-O 20. Bh3 Ne7 21. Bxd7 Qxd7 22.
Nxe7+ Qxe7 23. Qe2 f5 24. exf5 Nxf5 25. Kg2 d5 26. Nh3 Qd6 27. Bg5 Rae8 28. g4
Nh6 29. Qd2 hxg4 30. Bxh6 gxh3+ 31. Kxh3 Bxh6 32. Qxh6 Rf5 33. Rf2 Rh5 34. Qc1
Qf6 35. Kg2 Qxh4 36. Kf1 Qg3 37. Ke2 e4 38. Qg1 exf3+ 39. Kd2 Qf4+ 40. Kc2 Rg5
41. Qh1 c4 42. Re1 cxd3+ 43. Kxd3 Rxe1 44. Qxe1 Re5 45. Qf1 Qc4+ 46. Kd2 Re2+
47. Kc1 Qf4+ 48. Kb1 Qe4+ 49. Kc1 Qc2# 0-1

[Event "OPEN B - XVII MIEDZYNARODOWY FESTIWAL S"]
[Site "GOLD CHESS Open  - Rewal"]
[Date "2012.??.??"]
[Round "8.5"]
[White "Murawko, Katarzyna"]
[Black "Nikitin, Aleksander I"]
[Result "0-1"]
[WhiteElo "1859"]
[BlackElo "2094"]
[PlyCount "30"]
[EventDate "2012.??.??"]

1. e4 d5 2. exd5 Qxd5 3. d4 e5 4. Be3 exd4 5. Bxd4 Nc6 6. Qe2+ Be6 7. Be3 O-O-O
8. Nd2 Nb4 9. Nb3 Qf5 10. Rc1 Nxa2 11. Ra1 Bb4+ 12. Nd2 Qxc2 13. Ngf3 Qxb2 14.
Bd4 Rxd4 15. Nxd4 Qxd4 0-1

[Event "OPEN B - XVII MIEDZYNARODOWY FESTIWAL S"]
[Site "GOLD CHESS Open  - Rewal"]
[Date "2012.??.??"]
[Round "8.6"]
[White "Swiatloch, Tomasz"]
[Black "Jaskolka, Tomasz"]
[Result "1-0"]
[WhiteElo "2099"]
[BlackElo "2037"]
[PlyCount "69"]
[EventDate "2012.??.??"]

1. e4 c5 2. Nf3 Nc6 3. d4 cxd4 4. Nxd4 g6 5. c4 d6 6. Nc3 Nf6 7. Be2 Nxd4 8.
Qxd4 Bg7 9. Bg5 O-O 10. Qd2 Be6 11. Rc1 Nd7 12. f3 a6 13. b3 f6 14. Be3 f5 15.
exf5 Rxf5 16. f4 Qa5 17. O-O Rff8 18. Bf3 Rab8 19. Rfe1 Bf7 20. Nd5 Qd8 21. Ba7
e6 22. Bxb8 Qxb8 23. Nc3 b5 24. Red1 bxc4 25. bxc4 Nb6 26. Ne2 e5 27. Qxd6 Nxc4
28. Qxa6 Ne3 29. Rb1 Qe8 30. Bc6 Qe7 31. Rd7 Qc5 32. Rc1 Nc4+ 33. Kh1 Qe3 34.
Rxf7 Qxe2 35. Rxf8+ 1-0

[Event "OPEN B - XVII MIEDZYNARODOWY FESTIWAL S"]
[Site "GOLD CHESS Open  - Rewal"]
[Date "2012.??.??"]
[Round "8.7"]
[White "Bes, Michal"]
[Black "Reza, Wojciech"]
[Result "1/2-1/2"]
[WhiteElo "1977"]
[BlackElo "2090"]
[PlyCount "84"]
[EventDate "2012.??.??"]

1. e4 c5 2. Nf3 e6 3. Nc3 Nc6 4. g3 d6 5. Bg2 Nf6 6. O-O Be7 7. d3 O-O 8. h3
Rb8 9. Bg5 e5 10. Qd2 Be6 11. Kh2 b5 12. Ne2 b4 13. g4 d5 14. Ng3 dxe4 15. Bxf6
exf3 16. Bxe7 Nxe7 17. Bxf3 Ng6 18. Qe3 Qc7 19. Be4 Nf4 20. Ne2 Nxe2 21. Qxe2
f5 22. gxf5 Bxf5 23. f3 Be6 24. Rg1 Rf4 25. Rg3 Rbf8 26. Rag1 R8f7 27. Rg5 Kh8
28. Rh5 Bf5 29. Bxf5 R4xf5 30. Rxf5 Rxf5 31. Qe4 g6 32. Re1 Kg7 33. Re2 Qf7 34.
a3 a5 35. c3 bxc3 36. bxc3 Qb3 37. Rg2 Rf6 38. Qxe5 Qxa3 39. Re2 Qc1 40. Qe7+
Rf7 41. Qe5+ Kh6 42. Re4 Qg5 1/2-1/2

[Event "OPEN B - XVII MIEDZYNARODOWY FESTIWAL S"]
[Site "GOLD CHESS Open  - Rewal"]
[Date "2012.??.??"]
[Round "8.8"]
[White "Jacek, Krystian"]
[Black "Czepczynski, Boguslaw"]
[Result "1-0"]
[WhiteElo "2071"]
[BlackElo "1971"]
[PlyCount "33"]
[EventDate "2012.??.??"]

1. e4 c5 2. Nf3 Nc6 3. d4 cxd4 4. Nxd4 Nf6 5. Nc3 g6 6. Be3 d6 7. f3 Bg7 8. Qd2
h5 9. Bc4 Nxd4 10. Bxd4 O-O 11. O-O-O Qa5 12. Kb1 Qd8 13. h4 a6 14. g4 hxg4 15.
h5 Nxh5 16. Bxg7 Nxg7 17. Qh6 1-0

[Event "OPEN B - XVII MIEDZYNARODOWY FESTIWAL S"]
[Site "GOLD CHESS Open  - Rewal"]
[Date "2012.??.??"]
[Round "8.9"]
[White "Gawiec, Konrad"]
[Black "Zurkowski, Andrzej"]
[Result "1/2-1/2"]
[WhiteElo "1911"]
[BlackElo "2017"]
[PlyCount "87"]
[EventDate "2012.??.??"]

1. e4 d5 2. exd5 Qxd5 3. d4 Nf6 4. Nf3 e6 5. c4 Qd8 6. Nc3 Be7 7. Bd3 O-O 8.
Be3 b6 9. Qc2 Bb7 10. O-O-O Qc8 11. Rhe1 Nbd7 12. h4 Rd8 13. Ng5 Nf8 14. Nce4
Nxe4 15. Nxe4 c5 16. dxc5 f5 17. Nd6 Bxd6 18. cxd6 Rxd6 19. f3 Qc6 20. Bf4 Rd4
21. Be5 Rd7 22. h5 h6 23. Kb1 Rad8 24. Be2 Qc5 25. Bc3 Qf2 26. Rxd7 Rxd7 27.
Bf1 Qxc2+ 28. Kxc2 Kf7 29. b4 Nh7 30. Be2 Nf6 31. g4 fxg4 32. fxg4 Be4+ 33. Kb2
Bd3 34. Bxf6 Bxe2 35. Bxg7 Bxg4 36. Bxh6 Bxh5 37. Kc3 Bg6 38. Rf1+ Bf5 39. Rf3
Rd1 40. Bf4 Kf6 41. Re3 Rc1+ 42. Kb3 Rb1+ 43. Kc3 Rc1+ 44. Kb3 1/2-1/2

[Event "OPEN B - XVII MIEDZYNARODOWY FESTIWAL S"]
[Site "GOLD CHESS Open  - Rewal"]
[Date "2012.??.??"]
[Round "8.10"]
[White "Hasanov, Sahib"]
[Black "Misztal, Piotr"]
[Result "1-0"]
[WhiteElo "2068"]
[BlackElo "1778"]
[PlyCount "75"]
[EventDate "2012.??.??"]

1. c4 Nf6 2. Nf3 g6 3. b3 Bg7 4. Bb2 O-O 5. g3 d6 6. d4 Nbd7 7. Bg2 Re8 8. O-O
c6 9. Nbd2 e5 10. Ng5 exd4 11. Bxd4 Nc5 12. b4 Ne6 13. Nxe6 Bxe6 14. e4 d5 15.
exd5 cxd5 16. c5 Qd7 17. Re1 Bh3 18. Nf3 Bxg2 19. Kxg2 Ne4 20. Bxg7 Kxg7 21.
Qd4+ Kg8 22. Rad1 Rad8 23. a3 Qa4 24. Re2 a6 25. Rd3 Qd7 26. Rde3 Re6 27. Ne5
Qe7 28. Nd3 Ng5 29. h4 Re4 30. hxg5 Rxd4 31. Rxe7 Rxd3 32. Rxb7 Rxa3 33. Ree7
d4 34. Rxf7 d3 35. Rg7+ Kf8 36. Rbf7+ Ke8 37. Rxh7 d2 38. Rb7 1-0

[Event "OPEN B - XVII MIEDZYNARODOWY FESTIWAL S"]
[Site "GOLD CHESS Open  - Rewal"]
[Date "2012.??.??"]
[Round "8.11"]
[White "Kowalczyk, Adam"]
[Black "Nowak, Ryszard"]
[Result "1/2-1/2"]
[WhiteElo "1896"]
[BlackElo "2046"]
[PlyCount "49"]
[EventDate "2012.??.??"]

1. e4 c6 2. d4 d5 3. Nc3 dxe4 4. Nxe4 Nd7 5. Nf3 Ngf6 6. Nxf6+ Nxf6 7. Bd3 Bf5
8. Bxf5 Qa5+ 9. c3 Qxf5 10. Qb3 Qb5 11. Qxb5 cxb5 12. Bf4 e6 13. O-O Be7 14. a4
bxa4 15. Rxa4 O-O 16. c4 a6 17. b3 Rac8 18. Ra2 Rfd8 19. Re2 Kf8 20. Rd1 h6 21.
Bd2 Bd6 22. Ba5 Bc7 23. Bb4+ Bd6 24. Ba5 Bc7 25. Bb4+ 1/2-1/2

[Event "OPEN B - XVII MIEDZYNARODOWY FESTIWAL S"]
[Site "GOLD CHESS Open  - Rewal"]
[Date "2012.??.??"]
[Round "8.13"]
[White "Gora, Jan"]
[Black "Duszenko, Michal"]
[Result "1/2-1/2"]
[WhiteElo "1975"]
[BlackElo "1852"]
[PlyCount "105"]
[EventDate "2012.??.??"]

1. e4 e5 2. Nf3 Nc6 3. d4 exd4 4. Nxd4 Nf6 5. Nxc6 bxc6 6. e5 Qe7 7. Qe2 Nd5 8.
c4 Ba6 9. Nd2 O-O-O 10. Qe4 Nb6 11. b3 g6 12. Bb2 Bg7 13. c5 Bxf1 14. cxb6 Bb5
15. a4 Ba6 16. bxa7 Kb7 17. f4 d5 18. Qc2 Qh4+ 19. g3 Qg4 20. Qd1 Qf5 21. Bd4
f6 22. Nf3 g5 23. Qd2 gxf4 24. O-O-O fxe5 25. g4 Qe4 26. Qb4+ Ka8 27. Nxe5 Bxe5
28. Rhe1 Be2 29. Qc3 Bxd4 30. Rxd4 Qe3+ 31. Qxe3 fxe3 32. Rxe2 c5 33. Rd1 d4
34. Kc2 Kxa7 35. Kd3 Kb6 36. Kc4 Kc6 37. b4 cxb4 38. Rxd4 Rxd4+ 39. Kxd4 Ra8
40. Rxe3 Rxa4 41. Re6+ Kb5 42. Re5+ Kb6 43. h3 Ra3 44. Kc4 Rxh3 45. Kxb4 Kc6
46. Rg5 Kd6 47. Kc4 Ke6 48. Rg7 Rh4 49. Rxc7 Rxg4+ 50. Kd3 h5 51. Rh7 h4 52.
Ke3 Kf5 53. Rh5+ 1/2-1/2

[Event "OPEN B - XVII MIEDZYNARODOWY FESTIWAL S"]
[Site "GOLD CHESS Open  - Rewal"]
[Date "2012.??.??"]
[Round "8.15"]
[White "Szeglowski, Tomasz"]
[Black "Hasinski, Krystian"]
[Result "1-0"]
[WhiteElo "1757"]
[BlackElo "1925"]
[PlyCount "105"]
[EventDate "2012.??.??"]

1. c4 b6 2. Nf3 Bb7 3. g3 d6 4. Bg2 Nd7 5. O-O g6 6. d4 Ngf6 7. Nc3 Bg7 8. b3
O-O 9. Bb2 Rb8 10. Re1 Ne4 11. Qc2 Nxc3 12. Bxc3 Qe8 13. Rab1 e6 14. e4 Qe7 15.
Rbd1 Rfe8 16. e5 dxe5 17. dxe5 Rbd8 18. Nd4 Bxg2 19. Kxg2 Nb8 20. f4 Qc5 21. a3
a5 22. Rd2 Bf8 23. a4 Nc6 24. Nb5 Rxd2+ 25. Bxd2 Ne7 26. Qd3 Qc6+ 27. Qe4 Qd7
28. Bc3 Rd8 29. Re2 Qd3 30. Qxd3 Rxd3 31. Rd2 Rxd2+ 32. Bxd2 c5 33. Nd6 h5 34.
Be3 Bh6 35. Kf3 Kf8 36. h3 Bg7 37. g4 hxg4+ 38. hxg4 Bh8 39. Ke4 Bg7 40. Bc1
f5+ 41. Kf3 g5 42. gxf5 exf5 43. Be3 Bh6 44. Bd2 Bg7 45. fxg5 Bxe5 46. Bf4 Bc3
47. Nb5 Bb2 48. Bd6 Kf7 49. Bxe7 Kxe7 50. Kf4 Ke6 51. Nc7+ Kd7 52. Nd5 Kc6 53.
Kxf5 1-0

[Event "OPEN B - XVII MIEDZYNARODOWY FESTIWAL S"]
[Site "GOLD CHESS Open  - Rewal"]
[Date "2012.??.??"]
[Round "8.16"]
[White "Wilk, Tomasz"]
[Black "Obiedzinski, Piotr"]
[Result "1-0"]
[WhiteElo "1667"]
[BlackElo "1913"]
[PlyCount "81"]
[EventDate "2012.??.??"]

1. c4 Nf6 2. Nc3 g6 3. g3 Bg7 4. Bg2 O-O 5. Nf3 d6 6. O-O Nc6 7. d4 Bg4 8. Ne1
e5 9. d5 Ne7 10. h3 Bd7 11. Nd3 Ne8 12. e4 f5 13. Be3 b6 14. Qd2 Nf6 15. f4
fxe4 16. Nxe4 Nxe4 17. Bxe4 Bxh3 18. Rf2 Nf5 19. Rh2 Nxe3 20. Qxe3 exf4 21.
Nxf4 Bg4 22. Ne6 Bxe6 23. dxe6 c5 24. Kh1 Re8 25. Bxa8 Qxa8+ 26. Rg2 Be5 27.
Rf1 Rxe6 28. Qf3 Qe8 29. Qb7 Re7 30. Qd5+ Kg7 31. Rgf2 Bxg3 32. Rf8 Qd7 33.
Rg8+ Kh6 34. Qd2+ Kh5 35. Rgf8 Qg4 36. R8f3 Qh3+ 37. Kg1 Rf7 38. Rxf7 h6 39.
Rh7 g5 40. Qe2+ Kg6 41. Qe4+ 1-0

[Event "OPEN B - XVII MIEDZYNARODOWY FESTIWAL S"]
[Site "GOLD CHESS Open  - Rewal"]
[Date "2012.??.??"]
[Round "8.17"]
[White "Zminda, Bogdan"]
[Black "Maliszewski, Jacek"]
[Result "1/2-1/2"]
[WhiteElo "2087"]
[BlackElo "1720"]
[PlyCount "23"]
[EventDate "2012.??.??"]

1. e4 c5 2. Nf3 e6 3. d4 cxd4 4. Nxd4 Nf6 5. Nc3 Bb4 6. Bd2 e5 7. Nf5 O-O 8.
Nd5 Nxd5 9. exd5 Bxd2+ 10. Qxd2 d6 11. g4 g6 12. Ne3 1/2-1/2

[Event "OPEN B - XVII MIEDZYNARODOWY FESTIWAL S"]
[Site "GOLD CHESS Open  - Rewal"]
[Date "2012.??.??"]
[Round "8.18"]
[White "Birkenmaier, Rainer"]
[Black "Drela, Michal"]
[Result "1/2-1/2"]
[WhiteElo "2099"]
[BlackElo "1570"]
[PlyCount "36"]
[EventDate "2012.??.??"]

1. d4 d5 2. Nf3 Nf6 3. e3 Bf5 4. c4 c6 5. cxd5 Nxd5 6. Bd3 Bxd3 7. Qxd3 e6 8.
O-O Be7 9. b3 Nd7 10. Ba3 O-O 11. Rd1 N7f6 12. h3 Rc8 13. Qc2 Bxa3 14. Nxa3 c5
15. Rac1 cxd4 16. Qxc8 Qxc8 17. Rxc8 Rxc8 18. Rxd4 Nc3 1/2-1/2

[Event "OPEN B - XVII MIEDZYNARODOWY FESTIWAL S"]
[Site "GOLD CHESS Open  - Rewal"]
[Date "2012.??.??"]
[Round "8.19"]
[White "Kalmuk, Krzysztof"]
[Black "Knap, Jerzy"]
[Result "1-0"]
[WhiteElo "1857"]
[BlackElo "1798"]
[PlyCount "85"]
[EventDate "2012.??.??"]

1. d4 d5 2. Nf3 Nf6 3. c4 e6 4. Nc3 Be7 5. g3 O-O 6. Bg2 dxc4 7. Ne5 c6 8. O-O
Nbd7 9. Nxc4 Nb6 10. Na5 Nbd5 11. Nb3 Qc7 12. Bd2 Bd6 13. Rc1 Nxc3 14. Bxc3 Qe7
15. Qd2 Nd5 16. Ba5 b6 17. Bc3 Bb7 18. Rfd1 Rac8 19. Rc2 Rfd8 20. a3 a5 21. Qc1
a4 22. Nd2 Nxc3 23. Rxc3 c5 24. Bxb7 Qxb7 25. Nc4 Be7 26. dxc5 Bxc5 27. Nd6
Bxd6 28. Rxd6 h6 29. Qc2 g6 30. Rxd8+ Rxd8 31. Qxa4 Rd2 32. b4 Rxe2 33. Qd1 Qe4
34. Rc1 Qf3 35. Qd4 e5 36. Qxb6 Qxa3 37. Rc8+ Kg7 38. Qd8 g5 39. Qh8+ Kg6 40.
Rc6+ Kf5 41. Qh7+ Kg4 42. h3+ Kf3 43. Qf5# 1-0

[Event "OPEN B - XVII MIEDZYNARODOWY FESTIWAL S"]
[Site "GOLD CHESS Open  - Rewal"]
[Date "2012.??.??"]
[Round "8.20"]
[White "Jasnikowska, Malgorzata"]
[Black "Lopuszanski, Kamil"]
[Result "1-0"]
[WhiteElo "1725"]
[BlackElo "1840"]
[PlyCount "107"]
[EventDate "2012.??.??"]

1. e4 e6 2. d4 d5 3. Nd2 Nf6 4. e5 Nfd7 5. Bd3 c5 6. c3 Nc6 7. Ne2 cxd4 8. cxd4
f6 9. exf6 Nxf6 10. Nf3 Bd6 11. O-O Qc7 12. Bg5 O-O 13. Bh4 Nh5 14. Qc2 h6 15.
Bg6 Rxf3 16. gxf3 Bxh2+ 17. Kg2 Nf4+ 18. Nxf4 Qxf4 19. Bg3 Bxg3 20. fxg3 Qxd4
21. Rh1 Bd7 22. Rh4 Qf6 23. Rf4 Qg5 24. Rh1 Ne5 25. Bh7+ Kh8 26. Bd3 Bc6 27.
Qd2 Kg8 28. Qe2 Rf8 29. Bh7+ Kxh7 30. Rxf8 Ng6 31. Rf7 e5 32. Kf2 e4 33. fxe4
dxe4 34. Qe3 Qxe3+ 35. Kxe3 Ne5 36. Re7 Ng4+ 37. Ke2 Kg6 38. Rd1 Kf6 39. Red7
g5 40. R7d6+ Ke5 41. Rd8 a6 42. b3 Bb5+ 43. Ke1 e3 44. a4 Bc6 45. Ke2 Kf5 46.
R1d4 h5 47. Rh8 Nf6 48. Kxe3 h4 49. gxh4 gxh4 50. Rhxh4 Nd5+ 51. Kd2 Ke5 52.
Kd3 Kd6 53. b4 Bxa4 54. Rh6+ 1-0

[Event "OPEN B - XVII MIEDZYNARODOWY FESTIWAL S"]
[Site "GOLD CHESS Open  - Rewal"]
[Date "2012.??.??"]
[Round "8.21"]
[White "Kasianczuk, Krzysztof"]
[Black "Malinowski, Damian"]
[Result "1/2-1/2"]
[WhiteElo "1590"]
[BlackElo "1827"]
[PlyCount "88"]
[EventDate "2012.??.??"]

1. e4 c6 2. d4 d5 3. Nc3 a6 4. e5 e6 5. f4 b5 6. Nf3 c5 7. Be3 Qb6 8. dxc5 Bxc5
9. Bxc5 Qxc5 10. Qd4 Qa7 11. O-O-O Nc6 12. Qxa7 Rxa7 13. Bd3 g6 14. h4 h5 15.
Nh2 Nh6 16. Rdg1 Rc7 17. a3 Bb7 18. Rd1 Ke7 19. Rhe1 Rhc8 20. Kb1 Na5 21. Ne2
Nc4 22. Nd4 Bc6 23. g3 Bd7 24. Ka2 Rb7 25. b3 Na5 26. Kb2 Rbc7 27. Rd2 Nc4+ 28.
Bxc4 bxc4 29. bxc4 Rxc4 30. Re3 Nf5 31. Nxf5+ gxf5 32. Nf3 Ba4 33. Nd4 Rb8+ 34.
Nb3 Bxb3 35. cxb3 Rc7 36. Rc2 Rxc2+ 37. Kxc2 f6 38. Rc3 fxe5 39. fxe5 Kd7 40.
Kd3 Rg8 41. Kd4 Rg4+ 42. Kc5 Kc7 43. a4 Kb7 44. a5 Re4 1/2-1/2

[Event "OPEN B - XVII MIEDZYNARODOWY FESTIWAL S"]
[Site "GOLD CHESS Open  - Rewal"]
[Date "2012.??.??"]
[Round "8.22"]
[White "Kaluzny, Wlodzimierz"]
[Black "Poswiatowski, Stanislaw"]
[Result "1/2-1/2"]
[WhiteElo "2011"]
[BlackElo "1700"]
[PlyCount "49"]
[EventDate "2012.??.??"]

1. d4 d5 2. Nf3 Nf6 3. Bf4 c6 4. Nbd2 Bf5 5. e3 e6 6. Bd3 Bg6 7. Ne5 Bh5 8. Be2
Bxe2 9. Qxe2 Nbd7 10. O-O Nxe5 11. dxe5 Nd7 12. e4 g6 13. exd5 cxd5 14. c4 Nb6
15. Rfd1 Bg7 16. Rac1 O-O 17. c5 Nd7 18. Nf3 Qa5 19. Qe3 Rfc8 20. a3 Rxc5 21.
b4 Rxc1 22. Rxc1 Qd8 23. h4 a6 24. Bg5 Qb8 25. Bf4 1/2-1/2